| 000 -ლიდერი |
| ფიქსირებული სიგრძის საკონტროლო ველი |
01377nam a22002417a 4500 |
| 003 - საკონტროლო ნომრის იდენტიფიკატორი |
| საკონტროლო ველი |
Ge_BSU |
| 005 - ბოლო ოპერაციის თარიღი და დრო |
| საკონტროლო ველი |
20220617124244.0 |
| 008 - ფიქსირებული სიგრძის მონაცემთა ელემენტები - ზოგადი ინფორმაცია |
| ფიქსირებული სიგრძის საკონტროლო ველი |
220617s2013 ge ||||| |||| 00| 0 geo d |
| 020 ## - წიგნის საერთაშორისო სტანდარტული ნომერი |
| International Standard Book Number |
9789941181511 |
| 041 ## - ენის კოდი |
| Language code of text/sound track or separate title |
geo |
| 080 ## - უნივერსალური ათობითი კლასიფიკაციის ინდექსი |
| Universal Decimal Classification number |
27-277 ბ-65 |
| 245 ## - ცნობა სათაურის შესახებ |
| Title |
ბიბლია პოსტმოდერნული პერსპექტივიდან / |
| Statement of responsibility, etc |
სავლე წერეთლის ფილოსოფიის ინ-ტი ; შემდგ. და მთ. რედ. თამარ ცოფურაშვილი. |
| 264 ## - წარმოების, გამოცემის, დისტრიბუციის და სხვა ცნობები |
| გამოცემის, წარმოების, დისტრიბუციის... ადგილი |
თბ. : |
| გამოცემის, წარმოების, დისტრიბუციის... სახელწოდება |
ილიას სახელმწ. უნ-ტი, |
| გამოცემის, წარმოების, დისტრიბუციის... თარიღი |
2013. |
| 300 ## - ფიზიკური აღწერა |
| Extent |
227 გვ. : |
| Other physical details |
ილ. ; |
| Dimensions |
24 სმ. |
| 504 ## - BIBLIOGRAPHY, ETC. NOTE |
| Bibliography, etc |
ბიბლიოგრ. ტექსტის შენიშვნ. |
| 653 ## - INDEX TERM--UNCONTROLLED |
| Uncontrolled term |
ბიბლიის განმარტება |
| 700 ## - ADDED ENTRY--PERSONAL NAME |
| Personal name |
ცოფურაშვილი, თამარ |
| Relator term |
შემდგ.-რედ.-მთარგმნელი |
| 9 (RLIN) |
11793 |
| 700 ## - ADDED ENTRY--PERSONAL NAME |
| Personal name |
ბლუმენბერგი, ჰანს |
| Relator term |
ავტორი |
| 9 (RLIN) |
14132 |
| 700 ## - ADDED ENTRY--PERSONAL NAME |
| Personal name |
ეკო, უმბერტო |
| Relator term |
ავტორი |
| 9 (RLIN) |
10255 |
| 700 ## - ADDED ENTRY--PERSONAL NAME |
| Personal name |
ჰენაფი, მარსელ და სხვ. |
| Relator term |
ავტორი |
| 9 (RLIN) |
14133 |
| 710 ## - ADDED ENTRY--CORPORATE NAME |
| Corporate name or jurisdiction name as entry element |
/ სავლე წერეთლის ფილოსოფიის ინ-ტი |
| 9 (RLIN) |
14134 |
| 942 ## - ADDED ENTRY ELEMENTS (KOHA) |
| Source of classification or shelving scheme |
|
| Koha item type |
წიგნი |